| 000 | 00553nam a2200169 i 4500 | ||
|---|---|---|---|
| 001 | 52766 | ||
| 003 | ES-MaACL | ||
| 005 | 20230906162637.0 | ||
| 007 | t| | ||
| 008 | 030904s1873 sp ||||1| spa d | ||
| 245 | 0 | 0 | _aDecreto, reglamento y tarifas para la imposición, administración y cobranza de la contribución industrial. |
| 250 | _aEd. oficial. | ||
| 260 |
_aMadrid : _b[s.n.], _c1873 ( _fImp. Nacional) |
||
| 300 |
_a213 p. ; _c21 cm. |
||
| 650 | 4 |
_aImpuesto industrial- _zEspaña. _9153889 |
|
| 852 |
_aES-MaACL _jT-1268-F-4 |
||
| 999 |
_c52766 _d52766 |
||